Logique (Запис номер 390768)
[ съкратено ]
| 000 -Лидер | |
|---|---|
| Контролно поле с фиксирана дължина | nam a22 a 4500 |
| 003 - Код на организацията, давaща контролен номер | |
| Контролно поле | BLK |
| 005 - Дата и час на последна редакция | |
| Контролно поле | 20201028110343.0 |
| 008 - Елементи от данни с фиксирана дължина | |
| fixed length control field | 180409b bul|||||r ||||||| ||bul|| |
| 010 ## - Наследен системен номер | |
| LC control number | KNG00105093000 |
| 040 ## - Източник на каталожния запис | |
| Идентификатор на билиотеката - собственик на записа | BLK |
| 041 ## - Код за език | |
| Код за езика на текст/звукозапис или на отделно заглавие | Френски |
| Код за езика КДБФ | Френски |
| 080 ## - УДК | |
| Текстов определител УДК | Логика. Теория на познанието. Логическа методология. Херменевтика(философ. аспекти)Епистемология. Вж и 801.73 |
| УДК код - определител по УДК | 16 |
| УДК - код + определител | 16 |
| 100 1# - Редна дума - Автор | |
| Автор | Hegel, Georg Wilhelm Friedrich |
| Авторска отговорност | първи автор |
| R(LIN) | 12634 |
| 139 ## - Редно поле | |
| Редна дума | Hegel, Georg Wilhelm Friedrich |
| 245 10 - Сведения за заглавието | |
| Заглавие | Logique |
| Редно поле (дума) | Georg Wilhelm Friedrich Hegel; trad. pour la premiere fois et accompagnee d'une introd. et d'un commentaire perpetuel par Augusto Vera. |
| Том | T. I |
| Подзаглавни данни | T. I-II |
| 250 ## - Област на изданието | |
| Сведения за изданието | 2. Ed. rev. et corr. |
| 257 ## - Страна на издаване | |
| Страна на създаване/издаване | Франция |
| 260 ## - Област на издателските данни | |
| Място на издаване, разпространение и проч. | Paris |
| Година на издаване | 1874 |
| 9 (RLIN) | 213436 |
| Име на издателя, разпространителя и проч. | Libr. Germer Bailliere |
| 260 ## - Област на издателските данни | |
| 9 (RLIN) | 213431 |
| Име на издателя, разпространителя и проч. | Libr. Guillaumin |
| 300 ## - Физическа характеристика | |
| Размери/Мащаб | 21 см |
| 380 ## - Жанр | |
| Жанр | Философия |
| 490 ## - СЕРИИ (Колекции) | |
| 9 (RLIN) | 435080 |
| Име на серия | Колекция Редки и ценни издания |
| 500 ## - Общи забележки | |
| Забележка | Датирана: D. Karanecheff,30.VII. 1903, Geneve. |
| 650 #7 - Допълнително описание по предмет – тема | |
| Основно описание – тема или топоним | Логика |
| 9 (RLIN) | 160748 |
| 653 #7 - Ключова дума – ненормативна | |
| Ключова дума | логика |
| 9 (RLIN) | 190062 |
| 700 ## - Други автори (авторска отговорност) | |
| 9 (RLIN) | 284 |
| Лично име | Vera, Augusto |
| Автороска отговорност (Описва отношението между автора и произведението) | trad. |
| 760 ## - Описание на основната серия | |
| Редна дума на основното описание | Hegel, Georg Wilhelm Friedrich |
| Издание | 2. Ed. rev. et corr. |
| Място на издаване, издател и година | Paris |
| Страници - том | XX, 489 c. |
| Част - том | T. I |
| Заглавие | Logique |
| 852 ## - Местоположение | |
| Форматна сигнатура | Рф 874 |
| Фондова буква | Редки и ценни |
| 856 4# - Електронен адрес и достъп | |
| Електронен формат | pdf - файл |
| 856 4# - Електронен адрес и достъп | |
| Електронен формат | pdf - файл |
| 999 ## - СИСТЕМНИ КОНТРОЛНИ НОМЕРА | |
| Koha biblionumber | 390768 |
| Koha biblioitemnumber | 390768 |
| 942 ## - АРТИКУЛИ | |
| Вид на библиотечния материал | Книги |
| Скрит в OPAC | Не |
| Периодичен библиозапис | Да |
| 944 ## - СЪЗДАВАНЕ И РЕДАКЦИЯ на ЗАПИСА | |
| Създаване/Редакция | Създаване |
| Дата на регистрацията/редакция | 2020-10-28 |
| Служител, извършил регистрацията/редакцията | ТД |
| 944 ## - СЪЗДАВАНЕ И РЕДАКЦИЯ на ЗАПИСА | |
| Създаване/Редакция | Редакция |
| Дата на регистрацията/редакция | 03.05.2012 |
| 999 ## - СИСТЕМНИ КОНТРОЛНИ НОМЕРА | |
| Koha biblioitemnumber | 390768 |
| 999 ## - СИСТЕМНИ КОНТРОЛНИ НОМЕРА | |
| Koha biblioitemnumber | 390768 |
| 999 ## - СИСТЕМНИ КОНТРОЛНИ НОМЕРА | |
| Koha biblioitemnumber | 390767 |
| 999 ## - СИСТЕМНИ КОНТРОЛНИ НОМЕРА | |
| Koha biblioitemnumber | 390767 |
| 999 ## - СИСТЕМНИ КОНТРОЛНИ НОМЕРА | |
| Koha biblioitemnumber | 390764 |
| 999 ## - СИСТЕМНИ КОНТРОЛНИ НОМЕРА | |
| Koha biblioitemnumber | 390764 |
| 999 ## - СИСТЕМНИ КОНТРОЛНИ НОМЕРА | |
| Koha biblioitemnumber | 390764 |
| 999 ## - СИСТЕМНИ КОНТРОЛНИ НОМЕРА | |
| Koha biblioitemnumber | 100075 |
| Код за отписване | Код за изгубен артикул | Източник на класификационната схема | Код за повреда | Коз за рестрикции | Код за отдаване | Артикулен № | Име на библиотеката - собственик | Име на библиотеката, в която се намира в момента | Статус (Текущо местоположение) | Дата на вписване в системата | Местоположение - отдел | Цена в лева | Инвентарен номер | Систематично азбучна сигнатура | Баркод | Цена в евро | Служебен тип на артикула |
|---|---|---|---|---|---|---|---|---|---|---|---|---|---|---|---|---|---|
| Не е изгубен | Universal Decimal Classification | Не е повреден | само за читалня | Специални фондове ( старопечатни, редки и ценни, фонд М. Арнаудов) | 804354 | Регионална библиотека "Любен Каравелов" Русе | Регионална библиотека "Любен Каравелов" Русе | Редки и ценни | 2020-10-30 | Редки и ценни | 1.00 | 16364-І | Рф 874 | 900000037742 | 0.51 | Книги |